Vista normal Vista MARC

Entrada Término temático

Número de registros utilizados en: 9

001 - NÚMERO DE CONTROL

  • campo de control: 18969

003 - IDENTIFICADOR DE NÚMERO DE CONTROL

  • campo de control: OSt

005 - FECHA Y HORA DE LA ÚLTIMA TRANSACCIÓN

  • campo de control: 20221005155918.0

008 - ELEMENTOS DE DATO DE LONGITUD-FIJA

  • campo de control de longitud fija: 221005|| aca||aabn | a|a d

040 ## - FUENTE DE CATALOGACIÓN

  • Centro catalogador/agencia de origen: OSt
  • Centro/agencia transcriptor: OSt

150 ## - ENCABEZAMIENTO--TÉRMINO DE MATERIA

  • Término de materia o nombre geográfico como elemento de entrada: TIEMPO DE TRABAJO

670 ## - FUENTE DE DATOS ENCONTRADOS

  • Cita de la fuente: Work cat.: (OSt)19054: ALBIOL MONTESINOS, Ignacio 338, <El> tiempo de trabajo en la negociación colectiva de 1998 y 1999 /, 2000]

Con tecnología Koha